[Event "Magdeburg op-A"]
[Site "Magdeburg"]
[Date "2014.06.12"]
[Round "7"]
[White "Dathe, Frederick"]
[Black "Bossert, Felix"]
[Result "1-0"]
[WhiteElo "1617"]
[BlackElo "1465"]
[PlyCount "95"]
[EventDate "2014.06.08"]
[EventType "swiss"]
[EventRounds "9"]
[EventCountry "GER"]
[SourceTitle "CBM 160 Extra"]
[Source "ChessBase"]
[SourceDate "2014.07.01"]
[SourceVersion "1"]
[SourceVersionDate "2014.07.01"]
[SourceQuality "1"]

1. d4 d5 2. c4 c6 3. Nc3 Nf6 4. Bg5 e6 5. c5 h6 6. Bf4 b6 7. cxb6 axb6 8. e3 Nbd7 9. Nf3 Nh5 10. Bg3 Nxg3 11. hxg3 Bd6 12. Bd3 Ba6 13. 0-0 0-0 14. a3 Bxd3 15. Qxd3 Qe7 16. Rfc1 Rfb8 17. e4 dxe4 18. Nxe4 c5 19. dxc5 Bxc5 20. b4 f5 21. Ned2 Bd6 22. Rc6 Ne5 23. Qxd6 Nxc6 24. Qxc6 Ra7 25. Nd4 Rd7 26. N2f3 Rd6 27. Qc4 Kh7 28. Ne5 Qf6 29. Re1 Rbd8 30. Ndf3 Rd1 31. Qe2 Rxe1+ 32. Qxe1 Ra8 33. Qe3 Qd8 34. Nd4 Ra6 35. Qd3 Ra8 36. g4 Qf6 37. Nd7 Qd8 38. Nxe6 Qe7 39. gxf5 Kh8 40. Nxb6 Rb8 41. Qd4 Rb7 42. Nf4 Qg5 43. Ng6+ Kh7 44. Qc5 Rb8 45. Nd7 Rd8 46. Ndf8+ Rxf8 47. Qxf8 Qc1+ 48. Kh2 1-0

[Event "Baden-ch U16"]
[Site "Karlsruhe"]
[Date "2014.01.06"]
[Round "7"]
[White "Juelg, Julian"]
[Black "Bossert, Felix"]
[Result "0-1"]
[WhiteElo "1619"]
[BlackElo "1548"]
[PlyCount "124"]
[EventDate "2014.01.??"]
[EventType "swiss"]
[EventRounds "7"]
[EventCountry "GER"]
[SourceTitle "EXT 2022"]
[Source "ChessBase"]
[SourceDate "2021.10.06"]
[SourceVersion "1"]
[SourceVersionDate "2021.10.06"]
[SourceQuality "1"]

1. e4 c5 2. Nf3 d6 3. d4 cxd4 4. Nxd4 Nf6 5. Nc3 g6 6. Be3 Bg7 7. Be2 Nc6 8. 0-0 0-0 9. Qd2 Bd7 10. f4 Rc8 11. h3 Na5 12. Rad1 Nc4 13. Bxc4 Rxc4 14. Qd3 Rc8 15. Nd5 Nxd5 16. exd5 a6 17. c4 Qa5 18. a3 Qa4 19. b4 Rfe8 20. g4 a5 21. Nc2 h5 22. f5 hxg4 23. hxg4 gxf5 24. gxf5 b5 25. c5 dxc5 26. Bxc5 Rxc5 27. bxc5 Qg4+ 28. Kf2 Bxf5 29. Qd2 Bxc2 30. Qxc2 Bd4+ 31. Ke1 Qg3+ 32. Rf2 Qg1+ 33. Rf1 Qe3+ 34. Qe2 Bc3+ 35. Rd2 Bxd2+ 36. Kd1 Qxe2+ 37. Kxe2 Bc3 38. Rg1+ Kf8 39. c6 Rd8 40. Rg5 b4 41. Kd3 f6 42. Rh5 Kg7 43. Kc4 Be5 44. axb4 axb4 45. Kxb4 Kg6 46. Rh1 Rxd5 47. Re1 Rd8 48. Kb5 Rc8 49. Kb6 Kf7 50. Kb7 Rc7+ 51. Kb6 Rc8 52. Kb7 Rb8+ 53. Ka7 Bc7 54. Rd1 Rb6 55. Rc1 f5 56. Ka8 f4 57. Rc3 e5 58. Ka7 e4 59. Ka8 e3 60. Rc2 f3 61. Rc3 f2 62. Rc1 e2 0-1

[Event "GER-ch U25 op-B"]
[Site "Oberhof"]
[Date "2012.05.31"]
[Round "7"]
[White "Bossert, Felix"]
[Black "Siegl, Adrian"]
[Result "1/2-1/2"]
[WhiteElo "1284"]
[BlackElo "1517"]
[PlyCount "127"]
[EventDate "2012.05.27"]
[EventType "swiss"]
[EventRounds "9"]
[EventCountry "GER"]
[SourceTitle "CBM 148 Extra"]
[Source "ChessBase"]
[SourceDate "2012.06.22"]
[SourceVersion "1"]
[SourceVersionDate "2012.06.22"]
[SourceQuality "1"]

1. d4 Nf6 2. c4 e6 3. Nf3 c5 4. g3 cxd4 5. Nxd4 Nc6 6. Bg2 Bc5 7. Nxc6 bxc6 8. 0-0 0-0 9. Nc3 d5 10. cxd5 cxd5 11. b3 Ba6 12. Bb2 Rc8 13. Rc1 Qa5 14. Na4 Be7 15. Re1 Bb4 16. Rf1 Rxc1 17. Bxc1 Bb5 18. a3 Be7 19. Bd2 Qa6 20. Nc3 Bxa3 21. Nxb5 Qxb5 22. Bc3 Rb8 23. Bxf6 gxf6 24. Qd4 Qxe2 25. Qxf6 Bb2 26. Qg5+ Bg7 27. Qe7 Qa6 28. Rc1 h6 29. Rc7 Qa1+ 30. Bf1 Qf6 31. Qa3 Qf3 32. Qxa7 Rxb3 33. Rc1 Rc3 34. Rxc3 Qxc3 35. Qe3 Qxe3 36. fxe3 Kf8 37. Kf2 Ke7 38. Ke2 Kd6 39. Kd3 f5 40. Bg2 e5 41. h3 Kc5 42. Kc3 e4+ 43. Kd2 d4 44. exd4+ Kxd4 45. Ke2 Be5 46. g4 f4 47. h4 f3+ 48. Bxf3 exf3+ 49. Kxf3 Kd5 50. g5 h5 51. g6 Ke6 52. g7 Bxg7 53. Kf4 Bf6 54. Kf3 Kf5 55. Kg3 Be5+ 56. Kh3 Kf4 57. Kg2 Kg4 58. Kh1 Kxh4 59. Kg2 Kg4 60. Kh1 h4 61. Kg2 Bd6 62. Kh1 Kf3 63. Kg1 Bc7 64. Kh1 1/2-1/2

[Event "GER-ch U25 op-B"]
[Site "Oberhof"]
[Date "2012.05.27"]
[Round "1"]
[White "Bossert, Felix"]
[Black "Hacklinger, Leon"]
[Result "1-0"]
[WhiteElo "1284"]
[BlackElo "877"]
[PlyCount "61"]
[EventDate "2012.05.27"]
[EventType "swiss"]
[EventRounds "9"]
[EventCountry "GER"]
[SourceTitle "CBM 148 Extra"]
[Source "ChessBase"]
[SourceDate "2012.06.22"]
[SourceVersion "1"]
[SourceVersionDate "2012.06.22"]
[SourceQuality "1"]

1. d4 e6 2. c4 f5 3. Nf3 Nf6 4. g3 Be7 5. Bg2 0-0 6. 0-0 c6 7. Nc3 d5 8. Ne5 Nbd7 9. Bf4 Nxe5 10. Bxe5 dxc4 11. e3 Bd6 12. Bxd6 Qxd6 13. Qa4 b5 14. Qc2 Ba6 15. a4 b4 16. Nd1 b3 17. Qc3 Ne4 18. Bxe4 fxe4 19. Qa5 Bc8 20. Nc3 e5 21. Qxe5 Qg6 22. Qxe4 Qh6 23. Rac1 Bh3 24. Rfd1 Rae8 25. Qh4 Rxe3 26. Qxh6 gxh6 27. fxe3 Bg4 28. Rf1 Re8 29. Rce1 Bh3 30. Rf6 Kg7 31. Rxc6 1-0

[Event "Baden-ch U14"]
[Site "Karlsruhe Durlach"]
[Date "2012.01.03"]
[Round "2"]
[White "Bossert, Felix"]
[Black "Fesenmeier, Lukas"]
[Result "1/2-1/2"]
[WhiteElo "1229"]
[BlackElo "1463"]
[PlyCount "41"]
[EventDate "2012.01.02"]
[EventType "swiss"]
[EventRounds "7"]
[EventCountry "GER"]
[SourceTitle "EXT 2015"]
[Source "ChessBase"]
[SourceDate "2014.11.20"]
[SourceVersion "1"]
[SourceVersionDate "2014.11.20"]
[SourceQuality "1"]

1. e4 e5 2. Nf3 Nc6 3. d4 exd4 4. Bc4 d6 5. Nxd4 Ne5 6. Nd2 Nf6 7. Bb3 Be7 8. 0-0 0-0 9. Re1 a6 10. N2f3 Bg4 11. h3 Nxf3+ 12. Nxf3 Bh5 13. Qd3 b5 14. Bg5 Bg6 15. Nd4 c5 16. Nc6 Qc7 17. Nxe7+ Qxe7 18. Bxf6 Qxf6 19. Bd5 Rad8 20. Rab1 Rb8 21. c3 1/2-1/2

[Event "Baden-ch U14"]
[Site "Karlsruhe Durlach"]
[Date "2012.01.02"]
[Round "1"]
[White "Gschnitzer, Adrian"]
[Black "Bossert, Felix"]
[Result "1-0"]
[WhiteElo "1656"]
[BlackElo "1229"]
[PlyCount "86"]
[EventDate "2012.01.02"]
[EventType "swiss"]
[EventRounds "7"]
[EventCountry "GER"]
[SourceTitle "EXT 2015"]
[Source "ChessBase"]
[SourceDate "2014.11.20"]
[SourceVersion "1"]
[SourceVersionDate "2014.11.20"]
[SourceQuality "1"]

1. e4 c5 2. Nf3 d6 3. d4 cxd4 4. Nxd4 Nf6 5. Nc3 g6 6. Be3 Bg7 7. Bc4 Nc6 8. 0-0 0-0 9. Qd2 Nxd4 10. Bxd4 a6 11. a4 Qc7 12. Bb3 Bd7 13. f4 Bc6 14. e5 dxe5 15. Bxe5 Qb6+ 16. Qf2 Qxf2+ 17. Rxf2 Rad8 18. h3 Ne4 19. Bxg7 Kxg7 20. Nxe4 Bxe4 21. Re1 f5 22. g4 Kf6 23. g5+ Kg7 24. h4 h6 25. Kh2 hxg5 26. hxg5 Rh8+ 27. Kg3 Rh1 28. Rxh1 Bxh1 29. Re2 Be4 30. Re3 Rd6 31. Rc3 Rc6 32. Rxc6 bxc6 33. Kf2 Kf8 34. Ke3 Ke8 35. a5 c5 36. c3 Bg2 37. Bc4 Bb7 38. b4 cxb4 39. cxb4 Bc8 40. Kd4 e6 41. Kc5 e5 42. fxe5 f4 43. Kd6 Bh3 1-0

[Event "Baden-ch U10"]
[Site "Neuenbuerg/Enz"]
[Date "2008.01.05"]
[Round "5"]
[White "Gonser, Fabienne"]
[Black "Bossert, Felix"]
[Result "0-1"]
[WhiteElo "750"]
[BlackElo "810"]
[PlyCount "78"]
[EventDate "2008.01.04"]
[EventType "swiss"]
[EventRounds "7"]
[EventCountry "GER"]
[SourceTitle "EXT 2009"]
[Source "ChessBase"]
[SourceDate "2008.11.26"]
[SourceVersion "1"]
[SourceVersionDate "2008.11.26"]
[SourceQuality "1"]

1. e4 e5 2. Nf3 Nf6 3. Nc3 Bc5 4. Bc4 d6 5. 0-0 Be6 6. Bxe6 fxe6 7. Ng5 Qd7 8. Qh5+ Nxh5 9. d3 0-0 10. Bd2 h6 11. Nf3 Nf4 12. Bxf4 exf4 13. a3 e5 14. b4 Bb6 15. Nd5 c6 16. Nxb6 axb6 17. Nh4 f3 18. Nxf3 d5 19. Nxe5 Qe6 20. Nf3 dxe4 21. Rfe1 Qf6 22. dxe4 Nd7 23. e5 Qe6 24. Nd4 Qc4 25. Ne6 Qxe6 26. Rad1 Nxe5 27. h3 Rad8 28. Rc1 Rd7 29. f3 c5 30. c3 cxb4 31. cxb4 b5 32. Kh1 Qg6 33. Rg1 Qg3 34. Rgf1 Nd3 35. f4 Nf2+ 36. Rxf2 Qxf2 37. f5 Re8 38. f6 Re2 39. fxg7 Qxg2# 0-1